LEADER 01139nam a2200229 i 4500 001 000000060685 003 CaOOAMICUS 005 20140521000000.0 008 140521s1981 it u000 u ita u 013 $a31857 040 $aSeMil$bita 245 10$aAugusta 1530 :$bil dibattito Luterano-Cattolico. La Confessione Augustana e la Confutazione Pontificia /$ca cura di Michele Cassese ; prefazione di Attilio Agnoletto. 260 $aMilano :$bLibera Facoltą Biblica Internazionale,$cstampa 1981. 300 $a383 p. ;$c21 cm. 500 $aContiene : Bibliografia. 650 4$aConfessione Augustana.$0(OLS)http://semarc/subject/9379 700 1 $aAgnoletto, Attilio,$d<1926-2006>.$0(OLS)http://semarc/name/4041 700 1 $aCassese, Michele.$0(OLS)http://semarc/name/4532 850 $aSeMil 852 $aSeMil$W1$xVenegono$y1$m2K III 242$j26838$B26838$CSeMilBibl$Z2$F26841 $81 996 $6245$aAugusta 1530 :$bil dibattito Luterano-Cattolico. La Confessione Augustana e la Confutazione Pontificia$9(OLS)http://semarc/title/95171 996 $6260$aMilano :$bLibera Facoltą Biblica Internazionale$9(OLS)http://semarc/publisher/42222 LEADER 01792nam a2200361 4500 001 000000366381 003 CaOOAMICUS 005 20260219124526.0 008 260211s2026 it 000 u ita r 020 $a979-12-5595-049-3 040 $aSeMil$bita 100 1 $aBignardi, Paola,$d<1949- >.$0(OLS)http://semarc/name/92111 245 13$aIl secolo delle donne :$bdi sogni e diritti ancora da conquistare /$cPaola Bignardi, Rosangela Lodigiani, Chiara Tintori ; a cura di Maria Teresa Antognazza e Alberto Mattioli ; prefazione di Marta Cartabia ; postfazione di Mariapia Garavaglia . 264 1$a[Milano] :$bIn Dialogo,$c2026. 300 $a110 p. ;$c21 cm 490 1 $aAttualitą 650 4$aDonna e societą.$0(OLS)http://semarc/subject/19543 650 4$aDonna - Diritti.$0(OLS)http://semarc/subject/17759 700 1 $aLodigiani, Rosangela,$d<1969- >.$0(OLS)http://semarc/name/15987 700 1 $aTintori, Chiara.$0(OLS)http://semarc/name/55406 700 1 $aCartabia, Marta,$d<1963- >.$0(OLS)http://semarc/name/88970 700 1 $aMattioli, Alberto,$d<1969- >.$0(OLS)http://semarc/name/92104 700 1 $aGaravaglia, Mariapia.$0(OLS)http://semarc/name/50574 700 1 $aAntognazza, Maria Teresa.$0(OLS)http://semarc/name/41344 830 0$aAttualitą.$0(OLS)http://semarc/title/419375 850 $aSeMil 852 $aSeMil$W1$xVenegono$y1$m3M II 479$j267364$B257126$CSeMilBibl$Z2$F257126 $81 941 1 $a7 961 $aOmaggio mons. Mario Delpini 996 $6020$a979-12-5595-049-3$9(OLS)http://semarc/number/305280 996 $6245$aIl secolo delle donne :$bdi sogni e diritti ancora da conquistare$9(OLS)http://semarc/title/458141 996 $6264$a[Milano] :$bIn Dialogo$9(OLS)http://semarc/publisher/42255